| 000 | 00934cab a2200277 4500 | ||
|---|---|---|---|
| 001 | ABS59154 | ||
| 008 | 090401t1998 xxu||||| |||| 00| 0 eng d | ||
| 035 | _a(Sirsi) u88213 | ||
| 041 | _aeng | ||
| 100 | _aSeidl, A. | ||
| 245 | _aGetting in step with the clients | ||
| 260 | _c1998 | ||
| 350 | _a0 | ||
| 490 |
_aEstates Gazette _v(9832) 8 August 1998, 38-39(2) |
||
| 520 | _aDiscusses the practice of advisers co-investing with their clients; a trend which is gaining favour in the UK, encouraged by US investors. Reviews the position on co-invetsment of major practices in the UK. | ||
| 650 | _aBENEFITS | ||
| 650 | _aCO-INVESTMENT | ||
| 650 | _aCONFLICTS OF INTEREST | ||
| 650 | _aDEMAND | ||
| 650 | _aPROPERTY INVESTMENT COMPANIES | ||
| 650 | _aUK PRACTICES | ||
| 650 | _aUS INVESTORS | ||
| 690 | _aPROPERTY-COMMERCIAL PROPERTY-COMMERCIAL PROPERTY FINANCE AND INVESTMENT | ||
| 942 | _n0 | ||
| 948 | _c02/09/1998 | ||
| 999 |
_c55726 _d55726 |
||